| 000 | 00619nam a2200229 a 4500 | ||
|---|---|---|---|
| 001 | 0001-1396 | ||
| 003 | ELIB.Books | ||
| 008 | 160727 2010 eng | ||
| 020 | _a081701246X (pbk :alk.paper) | ||
| 035 | _a(ELIB.Books)0001-1551 | ||
| 092 |
_a261 _bCau |
||
| 100 | _aSausey, Cindy Ubben. | ||
| 245 |
_aCherish The Gift _bA Congregational Guide to Earth Stewardship |
||
| 260 |
_aValley Forge _bJudson Press _c1996 |
||
| 300 |
_a150 _c21.5 Cm |
||
| 650 | _aHuman Ecology | ||
| 856 |
_nKBTS Library _uKBTS: ELIB |
||
| 942 |
_2ddc _cBK |
||
| 990 | _a1 | ||
| 998 |
_cbat _e2016-07-27 |
||
| 999 |
_c11396 _d11396 |
||